Generácia Y
Budúcnosť patrí generácii Y. Generácie zamestnancov a rozdiely medzi nimi. Motto dnešných mladých ľudí - "všetko je možné". Charakteristika generácie Y. Očakávania generácie Y od zamestnania. Syndróm malého Budhu. Čo chcú robiť, pre koho a za koľko.
Enregistré dans:
| Auteur principal: | |
|---|---|
| Format: | Chapitre de livre |
| Langue: | slovaque |
| Sujets: | |
| Tags: |
Pas de tags, Soyez le premier à ajouter un tag!
|
MARC
| LEADER | 00000naa a2200000 4500 | ||
|---|---|---|---|
| 001 | 0192715 | ||
| 005 | 20231011130038.4 | ||
| 041 | 0 | |a slo | |
| 044 | |a SK | ||
| 245 | 1 | 0 | |a Generácia Y |c Branislav Jovankovič |
| 520 | |a Budúcnosť patrí generácii Y. Generácie zamestnancov a rozdiely medzi nimi. Motto dnešných mladých ľudí - "všetko je možné". Charakteristika generácie Y. Očakávania generácie Y od zamestnania. Syndróm malého Budhu. Čo chcú robiť, pre koho a za koľko. | ||
| 610 | 2 | 0 | |a generácie |
| 610 | 2 | 0 | |a mládež |
| 610 | 2 | 0 | |a práca |
| 610 | 2 | 0 | |a zamestnanie |
| 610 | 2 | 0 | |a zamestnávatelia |
| 610 | 2 | 0 | |a štýl životný |
| 100 | 1 | |a Jovankovič, Branislav | |